000 01345cam a22003134a 4500
999 _c331023
_d331023
001 13357415
003 NUST
005 20180117090030.0
008 030930s2004 nyu b 001 0 eng
010 _a 2003021523
020 _a0814472338
040 _aDLC
_cDLC
_dDLC
042 _apcc
050 0 0 _aRA785
_b.A86 2004
082 0 0 _a155.9/042
_222
100 1 _aAtkinson, William,
_d1951-
_94414
245 1 0 _aEliminate stress from your life forever :
_ba simple program for better living /
_cWilliam Atkinson.
260 _aNew York :
_bAMACOM, American Management Association,
_cc2004.
300 _axvi, 171 p. ;
_c23 cm.
504 _aIncludes bibliographical references (p. 159-164 ) and index.
650 0 _aStress management.
_94303
650 0 _aStress (Psychology)
_xPrevention.
_94415
650 0 _aRelaxation.
_94416
856 4 1 _3Table of contents
_uhttp://www.loc.gov/catdir/toc/ecip049/2003021523.html
906 _a7
_bcbc
_corignew
_d1
_eecip
_f20
_gy-gencatlg
942 _2ddc
_cBK